000 00358nam a22001337a 4500
999 _c12614
_d12614
008 241223b 2021 ||||| |||| 00| 0 eng d
020 _a9780063138803
082 _a153.8
_bCIA
100 _aCialdini, Robert
245 _aInfluence : the psychology of persuasion
260 _aNew York
_bHarper Collins Publishers
_c2021
300 _a568p.
942 _cBK